00432nam a2200193Ia 4500003000900000008004100009040001300050040001300063041000800076100001800084245005700102250001200159260001200171260000900183300001100192300001000203490001800213490000700231IT-RoPAU120407s9999 xx 000 0 und d aIT-RoPAU cIT-RoPAU aita aGiorgio Jossa aDal Messia al Cristo. Le origini della cristologia aBrescia aPaideia c1989 a193 p. c21 cm aStudi biblici v88